Analysis of the Fiscal and Health Impact of Increasing Tobacco Excise Taxes in Ukraine

Uložené v:
Podrobná bibliografia
Hlavný autor: Jovanovikj, Biljana
Ďalší autori: Kungl, Nora, Fidanovski, Kristijan
Médium: Kniha
Jazyk:English
Vydavateľské údaje: Vienna The Vienna Institute for International Economic Studies 2024
Predmet:
Tagy: Pridať tag
Žiadne tagy, Buďte prvý, kto otaguje tento záznam!

MARC

LEADER 00000nlm a2200000 4500
001 0304793
005 20241024101007.0
041 0 |a eng 
044 |a AT 
245 1 0 |a Analysis of the Fiscal and Health Impact of Increasing Tobacco Excise Taxes in Ukraine  |c Biljana Jovanovikj ... [et al.] 
264 1 |a Vienna  |b The Vienna Institute for International Economic Studies  |c 2024 
300 |a 20 s. 
610 2 0 |a dane spotrebné 
610 2 0 |a tabak 
610 2 0 |a politika fiškálna 
610 2 0 |a starostlivosť zdravotná 
610 2 0 |a Ukrajina 
100 1 |a Jovanovikj, Biljana 
700 1 |a Kungl, Nora 
700 1 |a Fidanovski, Kristijan